Na premiéru o deň skôr : Bardejovský prvoligista si skoro vylámal v pohári zuby

Podrobná bibliografia
Hlavní autori: Kúšik, Štefan (Author), Varganin, Milan (Author)
Médium: Článok
Jazyk:Slovak
Témy:
Zdroj: 1. Slovenský východ 1. Roč. 4/23, č. 176(1994), dát. 0730, s. 67
LEADER 00812nab#a2200301#ar4500
001 000010313
003 SVKKK
005 00000000000000.0
008 c xo e sloo
FMT
038 |a SVKKK 
040 |a SVKKK  |b slo  |e AACR2 
041 0 |a slo 
044 |a xo  |c SK 
080 |a 796.33  |2 1981 
100 1 |a Kúšik, Štefan  |4 aut 
245 1 0 |a Na premiéru o deň skôr :  |b Bardejovský prvoligista si skoro vylámal v pohári zuby  |c Kúšik Štefan, , Varganin Milan 
650 0 4 |a futbal  |z BSC Jas, Bardejov  |x rozhovory 
700 1 |a Varganin, Milan  |4 aut 
773 0 |t Slovenský východ  |g Roč. 4/23, č. 176(1994), dát. 0730, s. 67 
957 |a Bardejov 
958 |a BJ 
958 |a RE 
974 |d 951222  |a Šá 
992 |a RBX 
BAS
852 |a SVKKK  |b BIB 
998 |a REG